000 00382nam a2200157Ia 4500
008 231221s9999 xx 000 0 und d
041 _aEnglish
082 _a647.94 KHA;1 R
100 _aKhan, Mohmood, A
245 0 _aResturant franchising
250 _a2 ed
260 _c1999
_bJohn Wiley
_aNew York
300 _axi+399
650 _aResturant,franchising
942 _cHM
999 _c208030
_d208030